| 000 | 00425nam a2200169Ia 4500 | ||
|---|---|---|---|
| 003 | GCL | ||
| 008 | 140319s9999 xx 000 0 eng d | ||
| 040 |
_aGCL / _cGCL |
||
| 082 | 0 | 4 |
_a843 _bL T |
| 100 | 1 | _aPOLIAKOV, LEAR | |
| 245 | 1 | 0 |
_aLES TOTALITORISMES DU XX SIECLE / _cPOLIAKOV, LEAR |
| 260 |
_a[S.N] : _bFAYARD ، _c1987 |
||
| 300 | _a377 P | ||
| 650 | 0 | 4 | _aLITERATURE |
| 650 | 0 | 4 | _aFRENCH LITERATURE |
| 942 |
_2ddc _cBK |
||
| 999 |
_c22497 _d22497 |
||